000 00369nam a22001217a 4500
999 _c3740
_d3740
005 20201217100956.0
008 201217b ||||| |||| 00| 0 eng d
020 _a041236820X
040 _cCML
245 _aBusiness Research Project for Students.
_cJankowicz A.D.
260 _aLondon
_bChapman and Hall
_c1991
942 _2ddc
_cBK
_e1st Edition
_h650
_mJAN